El fantasma de palacio / (Registro nro. 9696)

Detalles MARC
000 -LEADER
fixed length control field 00878nam a2200337 4500
001 - CONTROL NUMBER
control field 044533
003 - CONTROL NUMBER IDENTIFIER
control field DO-SdBNP
005 - DATE AND TIME OF LATEST TRANSACTION
control field 20180221093200.0
007 - PHYSICAL DESCRIPTION FIXED FIELD--GENERAL INFORMATION
fixed length control field 044533
008 - FIXED-LENGTH DATA ELEMENTS--GENERAL INFORMATION
fixed length control field 950627s 2000 sp | |||| ||spa
016 7# - NATIONAL BIBLIOGRAPHIC AGENCY CONTROL NUMBER
Record control number
Source BPMSU
017 ## - COPYRIGHT OR LEGAL DEPOSIT NUMBER
Copyright or legal deposit number
Assigning agency
020 ## - INTERNATIONAL STANDARD BOOK NUMBER
International Standard Book Number 843481174X
035 ## - SYSTEM CONTROL NUMBER
System control number
040 ## - CATALOGING SOURCE
Original cataloging agency BPMSU
Language of cataloging spa
Transcribing agency BPMSU
Description conventions
041 1# - LANGUAGE CODE
Language code of text/sound track or separate title spa
Language code of original
080 #0 - UNIVERSAL DECIMAL CLASSIFICATION NUMBER
Universal Decimal Classification number
100 1# - MAIN ENTRY--PERSONAL NAME
Personal name Lobe, Mira,
Dates associated with a name 1913-
240 14 - UNIFORM TITLE
Uniform title <a href=" Das Schlosgespenst"> Das Schlosgespenst</a>
Language of a work Español.
245 13 - TITLE STATEMENT
Title El fantasma de palacio /
Statement of responsibility, etc. Mira Lobe ; ilustraciones Susi Weigel
Medium
250 ## - EDITION STATEMENT
Edition statement 27ª ed.
260 ## - PUBLICATION, DISTRIBUTION, ETC. (IMPRINT)
Place of publication, distribution, etc. Madrid :
Name of publisher, distributor, etc. SM,
Date of publication, distribution, etc. 2000
300 ## - PHYSICAL DESCRIPTION
Extent 75 p. ;
Other physical details il.:
Dimensions 19 cm.
490 1# - SERIES STATEMENT
Series statement El barco de vapor.
Volume/sequential designation 5
700 12 - ADDED ENTRY--PERSONAL NAME
Personal name Weigel, Susi,
Relator term il.
700 1# - ADDED ENTRY--PERSONAL NAME
Personal name
830 #3 - SERIES ADDED ENTRY--UNIFORM TITLE
Uniform title El barco de vapor
Volume number/sequential designation 5
Name of part/section of a work
942 ## - ADDED ENTRY ELEMENTS (KOHA)
Source of classification or shelving scheme Dewey Decimal Classification
Koha item type Libros
945 ## - LOCAL PROCESSING INFORMATION (OCLC)
a Inventariado, 2018 /LP
956 ## - LOCAL ELECTRONIC LOCATION AND ACCESS (OCLC)
Host name VMATEO
Access method 10
Materials specified 20160412
Linkage BPMSU
Field link and sequence number 0069
Existencias
Withdrawn status Lost status Source of classification or shelving scheme Damaged status Not for loan Collection code Home library Current library Date acquired Source of acquisition Total Checkouts Barcode Date last seen Price effective from Koha item type
    Dewey Decimal Classification     Colección Infantil General Biblioteca Pública Metropolitana Salomé Ureña Biblioteca Pública Metropolitana Salomé Ureña 04/12/2016 FUNDI   BPMSU16040336 04/12/2016 04/12/2016 Libros